LEADER 01799nam 2200445Ia 450 001 996386278603316 005 20200824132132.0 035 $a(CKB)4940000000080675 035 $a(EEBO)2240866939 035 $a(OCoLC)ocm13460367e 035 $a(OCoLC)13460367 035 $a(EXLCZ)994940000000080675 100 $a19860421d1689 uy | 101 0 $aeng 135 $aurbn||||a|bb| 200 14$aThe whole duty of man$b[electronic resource] $elaid down in a plain and familiar way for the use of all, bur especially the meanest reader : divided into XVII chapters, one whereof being read every Lord's Day the whole may be read over thrice in the year : necessary for all families : with Private devotions for several occasions 210 $aLondon $cPrinted by R. Norton for George Pawlet ...$d1689 215 $a[24], 372 p 300 $aWritten by Richard Allestree. Cf. DNB. 300 $aAlso variously ascribed to Lady Dorothy Pakington, Richard Sterne, John Fell, Hunphrey Henchman, and others. Cf. DNB. 300 $aImperfect: "Private devotions" lacking. 300 $aReproduction of original in Bodleian Library. 330 $aeebo-0014 606 $aChristian life$vEarly works to 1800 606 $aDevotional exercises 615 0$aChristian life 615 0$aDevotional exercises. 700 $aAllestree$b Richard$f1619-1681.$0793142 701 $aPakington$b Dorothy Coventry$cLady,$fd. 1679.$01001112 701 $aSterne$b Richard$f1596?-1683.$01001111 701 $aFell$b John$f1625-1686.$01001113 701 $aHenchman$b Humphrey$f1592-1675.$0793659 801 0$bEAA 801 1$bEAA 801 2$bm/c 801 2$bWaOLN 906 $aBOOK 912 $a996386278603316 996 $aThe whole duty of man$92343430 997 $aUNISA LEADER 01574nam a2200349 i 4500 001 991001257749707536 005 20020507190124.0 008 960216s1982 de ||| | eng 020 $a3540116036 035 $ab10822458-39ule_inst 035 $aLE01309454$9ExL 040 $aDip.to Matematica$beng 082 0 $a510.285425 084 $aAMS 68-06 084 $aAMS 68-XX 084 $aAMS 68Q 100 1 $aMessina, Paul C.$048557 245 10$aProblems and methodologies in mathematical software production :$binternational seminar held at Sorrento, Italy, November 3-8, 1980 /$cedited by P. C. Messina and A. Murli 260 $aBerlin :$bSpringer-Verlag,$c1982 300 $a271 p. :$bill. ;$c25 cm. 500 $aIncludes bibliographies and index. 500 $aPapers presented at International Seminar on Problems and Methodologies in Mathematical Software Production held in Sorrento, Italy and sponsored by the National Committee for the Mathematical Sciences and the National Group for Mathematical Informatics 650 4$aComputer science$xCongresses 650 4$aMathematics-computers-science 650 4$aMathematics-data processing$xCongresses 700 1 $aMurli, Almerico 907 $a.b10822458$b21-09-06$c28-06-02 912 $a991001257749707536 945 $aLE013 68-XX MES11 (1982)$g1$i2013000042411$lle013$o-$pE0.00$q-$rl$s- $t0$u0$v0$w0$x0$y.i10929708$z28-06-02 996 $aProblems and Methodologies in Mathematical Software Production$9339680 997 $aUNISALENTO 998 $ale013$b01-01-96$cm$da $e-$feng$gde $h0$i1